Normal view
MARC view
- DE-COMP-35
Entry Topical Term
001 - CONTROL NUMBER
- control field: 71358
003 - CONTROL NUMBER IDENTIFIER
- control field: NUST
005 - DATE AND TIME OF LATEST TRANSACTION
- control field: 20210628204627.0
008 - FIXED-LENGTH DATA ELEMENTS
- fixed length control field: 210628|| aca||aabn | a|a d
040 ## - CATALOGING SOURCE
- Original cataloging agency: NUST
- Transcribing agency: NUST
150 ## - HEADING--TOPICAL TERM
- Topical term or geographic name entry element: DE-COMP-35
670 ## - SOURCE DATA FOUND
- Source citation: Work cat.: (NUST): MUHAMMAD BILAL TOOBA RAFIQUE FILZA ALI 71357, PR-SOF-1639-RFID BASED SMART TICKETING SYSTEM, 2017
